Les caracteres extraits

Guardado en:
Detalles Bibliográficos
Autor principal: La Bruyére, Jean de (Autor)
Formato: Libro
Lenguaje:francés
Publicado: París Larousse 1934
Edición:62a. ed
Colección:Classiques Larousse
Materias:
Etiquetas: Agregar Etiqueta
Sin Etiquetas, Sea el primero en etiquetar este registro!

MARC

LEADER 00000nam a2200000 a 4500
001 UCY9259
003 CL-VaPUC
008 950713e19340000FR |||||||||||||||||fre|d
082 0 4 |a 840.9  |b LAB  |2 21 
100 |a La Bruyére, Jean de  |e author  |9 341338 
245 1 4 |a Les caracteres extraits 
250 |a 62a. ed 
300 |a 2 v 
942 |c BK 
945 |d 19950713 00:00:00  |a rbrito 
260 |a París  |b Larousse  |c 1934 
650 7 |a LITERATURA FRANCESA SIGLO 17  |2 CL-VaPUC  |9 341339 
583 |a last modification  |c 20160810 05:01:46  |k Rodrigo Vera 
490 0 |a Classiques Larousse 
999 |c 236384  |d 236382 
952 |0 0  |1 0  |4 0  |6 840_900000000000000_LAB_1934  |7 0  |8 A  |9 244443  |a BIBEDU  |b BIBEDU  |d 2019-11-18  |h v.1  |i 3103404  |o 840.9 LAB 1934  |p 3103404  |r 2019-11-18  |w 2019-11-18  |y BK  |k LIT 
952 |0 0  |1 0  |4 0  |6 840_900000000000000_LAB_1934  |7 0  |8 A  |9 244444  |a BIBEDU  |b BIBEDU  |d 2019-11-18  |h v.2  |i 3103412  |o 840.9 LAB 1934  |p 3103412  |r 2019-11-18  |w 2019-11-18  |y BK  |k LIT 
952 |0 0  |1 0  |4 0  |6 840_900000000000000_LAB_1934  |7 0  |8 A  |9 244445  |a BIBEDU  |b BIBEDU  |d 2019-11-18  |h v.1  |i 3108058  |o 840.9 LAB 1934  |p 3108058  |r 2019-11-18  |w 2019-11-18  |y BK  |k LIT